000 00321pam a2200133a 44500
008 230405s2005 xxu||||| |||| 00| 0 eng d
041 _aENG
100 _aBailey
245 _aChemistry of the Environment
260 _aU.S.A.
_bAcademic Press
_c2005
300 _a834
700 _aEdminister Joseph A
906 _a11426
999 _c301925
_d301925